A first laboratory guide in psychology (Record no. 9983)

000 -LEADER
fixed length control field 00417 a2200145 4500
020 ## - INTERNATIONAL STANDARD BOOK NUMBER
International Standard Book Number 8130706067
090 ## - LOCALLY ASSIGNED LC-TYPE CALL NUMBER (OCLC); LOCAL CALL NUMBER (RLIN)
-- 6150
-- 6150
100 ## - MAIN ENTRY--PERSONAL NAME
Personal name Collins, Mary
245 ## - TITLE STATEMENT
Title A first laboratory guide in psychology
Statement of responsibility, etc. Mary Collins and James Drever
260 ## - PUBLICATION, DISTRIBUTION, ETC.
Place of publication, distribution, etc. New Delhi:
Name of publisher, distributor, etc. Cosmo Publications,
Date of publication, distribution, etc. 2007.
300 ## - PHYSICAL DESCRIPTION
Extent vii, 107 p. :
Other physical details ill. ;
Dimensions 21 cm.
500 ## - GENERAL NOTE
General note Includes Index
650 ## - SUBJECT ADDED ENTRY--TOPICAL TERM
Topical term or geographic name entry element Psychophysiology.
942 ## - ADDED ENTRY ELEMENTS (KOHA)
Koha item type Book
Call number prefix 150 COL
Holdings
Withdrawn status Lost status Damaged status Not for loan Collection code Permanent Location Current Location Shelving location Date acquired Source of acquisition Cost, normal purchase price Total Checkouts Full call number Barcode Date last seen Price effective from Koha item type Date last checked out
          Central Library (CL) Central Library (CL) General Stacks 12/22/2009 Donation 0.00   150 COL SEECS009866 11/14/2012 01/05/2017 Book  
          Central Library (CL) Central Library (CL) General Stacks 11/24/2009 Donation 0.00 1 150 COL SEECS009865 09/16/2023 01/05/2017 Book 03/24/2023
© 2023 Central Library, National University of Sciences and Technology. All Rights Reserved.